Rust Monuments - Statistics

General Stats
  • This quiz has been taken 882 times
    876 since last reset
  • The average score is 26 of 39
Answer Stats
Location Found Keycard Type Answer % Correct
Ocean None Requires Redcard Large Oil Rig
95%
Ocean None Requires Redcard Oil Rig
93%
Default None Safezone Outpost
91%
Default None Safezone Bandit Camp
89%
Coast None Safezone Large Fishing Village
87%
Coast None Safezone Fishing Village
86%
Desert None PvE Abandoned Military Base
85%
Street Green Loot & Recycle Oxum's Gas Station
85%
All None Requires Redcard Launch Site
83%
Street Green Loot & Recycle Abandoned Supermarket
82%
All Red Crate Spawn Train Yard
81%
Ocean None Requires Redcard Underwater Labs
81%
All None Quarry Stone Quarry
80%
All None Quarry HQM Quarry
79%
All None Quarry Sulfur Quarry
77%
All Red Crate Spawn Water Treatment
77%
Coast Blue Loot & Recycle Large Harbor
76%
Coast Blue Loot & Recycle Small Harbor
75%
All Red Crate Spawn Airfield
71%
All None Crate Spawn The Dome
69%
Snow Red PvE Arctic Research Base
67%
Underground None PvE Military Tunnels
67%
All Red Crate Spawn Power Plant
67%
Ocean Green Loot & Recycle Lighthouse
66%
Street None Loot & Recycle Mining Outpost
64%
All Blue Loot & Recycle Sewer Branch
61%
Desert None PvE Giant Excavator Pit
60%
Underground None PvE Train Tunnel Network
60%
All Blue Loot & Recycle Satellite Dish Array
59%
Swamp Green Loot Abandoned Cabins
57%
Underground None Mining Cave
57%
Underground Red PvE Nuclear Missile Silo
57%
Default None Safezone Large Barn
52%
All Green Loot & Recycle Junkyard
48%
Default None Safezone Ranch
48%
Coast None Loot & Recycle Ferry Terminal
47%
Other Monument None Pump Pump Jack
34%
Default None Pump Water Pump
19%
Underground None PvE Subway Entrance
6%
No matching quizzes found
Score Distribution
Percent of People with Each Score
Percentile by Number Answered
Your Score History
You have not taken this quiz since the last reset